Statistics for movies released in 2018

Click here to take the quiz!

General Stats

  • This quiz has been taken 6 times
  • The average score is 3 of 61

Answer Stats

actors/actressmovie/film% Correct
Benedict Cumberbatch, Josh Brolin, robert Downey Jr, Mark Ruffalo, Chris Hemsworth, Tom HiddlestonInfinity War
83%
Chadwick Boseman, Michael B Jordan, Lupita N'Yongo, Lettia WrightBlack Panther
67%
John Krasinski, Emily Blunt, Noah JupeA quiet Place
33%
Alicia Vikander, Kristin Scott Thomas, Daniel wu, Derek JacobiTomb Raider
17%
Bella Thorne, Patrick SchwarzeneggerMidnight Sun
17%
Gerard Butler, 50 Cent, Evan JonesDen of Thieves
17%
Jamie Dornan, Brant daugherty, Dakota Johnson, Kim Bassinger, Rita OraFifty Shades Freed
17%
Lucy Hale, Tyler Posey, Violet BeaneTruth or Dare
17%
Katherine Langford, Nick Robinson, Alexandra Shipp, Jennifer GarnerLove simon
0%
Charlize Theron, Joel Edgerton, Amanda Seyfried, Thandie NewtonGringo
0%
Anton Yelchin, Olivia Cooke, Ana-Taylor JoyThoroughbreds
0%
Oprah, Mindy Kaling, Reese WitherspoonA Wrinkle in Time
0%
Logan lerman, Elle Fanning, Kyle ChandlerThe Vanishing of Sidney Hall
0%
Rupert Friend, steve Buscemi, Jason IsaacsThe Death of Stalin
0%
Jeremy Irons, Jennifer Lawrence , joel edgertonRed Sparrow
0%
Ellen Page, Sam KeeleyThe Cured
0%
Angus Sampson, Spencer Locke, Lin ShayeInsidious: the last key
0%
Claire Foy, Juno temple, Amy IrvingUnsane
0%
Scott Eastwood, John Boyega, Charlie DayPacific Rim Uprising
0%
Bryan Cranston, Bill Murray, Greta Gerwig, jeff GoldlumIsle of Dogs
0%
James McAvoy, Emily Blunt, Johnny Depp, Matt Lucas, Maggie SmithSherlock Gnomes
0%
Angourie Rice, Debby Ryan, Maria Bello, Oscar IsaacEveryday
0%
Tye Sheridan, Olivia Cooke, Simon Pegg, Mark RylanceReady Player One
0%
Joaquin Phoenix, Judith RobertsYou Were Never Really Here
0%
Jon Hamm, Rosamund Pike, Dean NorrisBeirut
0%
Dwayne Johnson, Naomie Harris, JAke LacyRamage
0%
Amy schumer, Michelle WilliamsI Feel Pretty
0%
Asa Butterfield, Alex wolff, Nick OffermanThe House of Tomorrow
0%
Rachel weisz, Rachel McAdamsDisobedience
0%
Ben Kingsley, Theo JamesBackStabbing for Beginners
0%
Charlotte Vega, Bill Milner, eugene SimonThe Lodgers
0%
Taylor James, Jackson Rathbone, Billy ZaneSamson
0%
Gina Rodriguez, Natalie Portman, Tessa ThompsonAnnihilation
0%
Dakota Fanning, Toni Collette, Alice EvePlease Stand By
0%
Tom Felton, Gemma Chan, Dominic Cooper, Austin StowellStratton
0%
Bryan Brown, Sam NeillSweet Country
0%
Liam Neeson, Vera Farmiga, Sam Neill, Jonathon BanksThe Commuter
0%
Danny Glover, Billy BrownProud Mary
0%
Bruce Willis, Cole HouserActs of Violence
0%
Alex Lawther, Bette Midler, Abigail Breslin, AnnaSophia RobbFreak Show
0%
Elliott Gould, Ingrid Michaelson, Annie PottsHumor Me
0%
Luana NastasVazante
0%
Kate Winslet, Jim Broadbent, Ruby BarnhillMary and the Witch's Flower
0%
Michael shannon, Chris Hemsworth, Michael Pena12 Strong
0%
Alex Roe, Jessica RotheForever My Girl
0%
Thomas Brodie-sangster, Kaya Scodelario, Dylan o'brienThe Maze Runner: The Death Cure
0%
Helen Mirren, Jason clarke, Angus sampsonWinchester
0%
Jason Bateman, Rachel McAdams, Kyle ChandlerGame Night
0%
Francisco reyes, Daniela VegaA Fantastic Woman
0%
Daniel Bruhl, Gugu Mbatha-Raw, Chris O'DowdThe Cloverfield Paradox
0%
Anthony Sadler, Spencer Stone, Judty GreerThe 15:17 to Paris
0%
James Corden, Domhnall Gleeson, Rose Byrne, Daisy ridleyPeter Rabbit
0%
Dan Stevens, rebecca Hall, Morgan SpectorPermission
0%
Emily Watson, Jason Isaacs, Nick frost, Celia ImrieMonster Family
0%
Emily Browning, Analeigh Tipton, Jason schwartzmanGolden exits
0%
Eddie Redmayne, Tom Hiddleston, Maisie Williams, timothy SpallEarly Man
0%
Timothy Spall, Patricia Clarkson, Kristin Scott ThomasThe Party
0%
Jon Hamm, Ellen Burstyn, Nick OffermanNostalgia
0%
Hugo weaving, Jim Broadbent, sarah GreeneBlack 47
0%
Alex Pettyfer, Gene Jones, Owen CampbellThe Strange Ones
0%
Eva Longoria, Anna FarisOverboard
0%

Score Distribution

Percentile by Number Answered

Percent of People with Each Score

Your Score History

You have not taken this quiz